000 00556nam a2200217Ia 4500
003 OSt
005 20220924133430.0
006 a|||||r|||| 00| 0
007 ta
008 220923b |||||||| |||| 00| 0 snd d
024 _a265287
037 _cTextual
040 _aARTS
_cARTS
_bsnd
041 _2snd
_asnd
082 _aO111:3MKRx, 1593K0
100 _aHatisingh Krishna
_9206459
245 0 _aJail ji chodiwari
260 _c1960
942 _hO111:3MKRx, 1593K0
_cTEXL
_2CC
999 _c433829
_d433829